000 00565nam a2200217 a 4500
001 38603
003 BD-RjUL
005 20211209052827.0
008 160123b1979 pk ||||| |||| 001 0 urd d
035 _a(BD-RjUL)
040 _aBD-RjUL
_burd
_cBD-RjUL
041 _aurd
100 _asidiquei,naj
_9119110
245 _ashibli naqadu ki najar mi /
_cnaj sidiquei.
250 _a1st ed.
260 _aHydrabad :
_bIlius,
_c1979
300 _a391 p. ;
_c24 cm.
504 _aincludes index
650 _aliterature [urdu]
_v-criticism
_9119111
942 _2ddc
_cBK
_01
999 _c38603
_d38603